000 00373nam a22001457a 4500
003 SGT
020 _a100-981-4287-58-X
082 _a615.5
_bPAP
100 _aPAPAKASTAS, GEORGE
245 _aPHARMACOTHERAPY FOR DEPRESSION AND TREATMENT RESISTANT DEPRESSION
260 _aUSA
_bWORLD SCIENTIFIC
_c2010
300 _a699
650 _aPHARMACOTHERAPY
942 _2ddc
_cBK
999 _c33089
_d33089